000 00684nam a2200229 4500
003 OSt
005 20240613005235.0
006 a
008 240613b |||||||| |||| 00| 0 eng d
020 _a9781259009686
040 _aDWCL-HMN lib.
_cOC
082 _aCirc. 647.9406 B575p 2012
100 _aBhakta, Anutosh
245 _aProfessional hotel front office management /
260 _aNew Delhi :
_bTata McGraw-Hill Education Private Limited,
_cc2012.
300 _axii,
_b320 p. ;
_c23 cm.
504 _aIncludes glossary and index.
650 _a1. Hotel management.
650 _a2. Front office management.
700 _aAnutosh Bhakta
942 _2ddc
_n0
_cBK-CIRC
_kCirc.
999 _c575
_d575